UBT Library

Interpersonal communication : (Record no. 956)

000 -LEADER
fixed length control field 00623nam a22002057a 4500
008 - FIXED-LENGTH DATA ELEMENTS--GENERAL INFORMATION
fixed length control field 150601b xxu||||| |||| 00| 0 eng d
020 ## - INTERNATIONAL STANDARD BOOK NUMBER
International Standard Book Number 9780134893600
041 0# - LANGUAGE CODE
Language code of text/sound track or separate title eng
080 ## - UNIVERSAL DECIMAL CLASSIFICATION NUMBER
Universal Decimal Classification number 159.923 BEE
100 ## - Rafti
Rafti Beebe, Steven A.,
100 ## - Rafti
-- 1950-
245 0# - TITLE STATEMENT
Title Interpersonal communication :
Statement of responsibility, etc Steven A. Beebe, Susan J. Beebe, Mark V. Redmond.
260 ## -
-- Boston :
-- Allyn & Bacon,
-- c1996.
300 ## -
-- 505 f
-- me il
-- 25 cm.
500 ## -
-- index
500 ## -
-- biblografi
650 0# -
-- Interpersonal communication
-- Textbooks.
700 ## -
-- Beebe, Susan J.
700 ## -
-- Redmond, Mark V.,
942 ## - ADDED ENTRY ELEMENTS (KOHA)
Source of classification or shelving scheme
Item type Books
Holdings
Withdrawn status Lost status Source of classification or shelving scheme Damaged status Not for loan Collection code Permanent location Current location Shelving location Date acquired Total Checkouts Full call number Date last seen Koha item type
          Koleksioni i përgjithshem UBT - Prishtine UBT - Prishtine Koleksioni i përgjithshem 06/01/2015   159.923 BEE 06/01/2015 Books
UBT Library © 2015-2024. All rights reserved University Education for Business and Technology